| 000 | 01251nam a22002057a 4500 | ||
|---|---|---|---|
| 005 | 20241104113237.0 | ||
| 008 | 241104b ||||| |||| 00| 0 eng d | ||
| 040 | _cAL | ||
| 041 | _akan | ||
| 082 |
_223 _a920K _bHEGC |
||
| 100 |
_aM G Hegade: ಎಂ ಜಿ ಹೆಗಡೆ _9183941 |
||
| 245 |
_aChimani belakininda: Atma kathe: _bಚಿಮಣಿ ಬೆಳಕಿನಿಂದ: ಆತ್ಮಕಥೆ |
||
| 260 |
_aShivamogga _bAharnishi Prakashana _c2024 |
||
| 300 |
_a228p. _bPB _c21x14cm. |
||
| 365 |
_2Kannada _b250.00 _c₹ _d250.00 |
||
| 520 | _aವಿದ್ಯಾರ್ಥಿ ದೆಸೆಯಲ್ಲಿ ಹಿಂದುತ್ವ ಕಾರ್ಯಕರ್ತರಾಗಿ, ಯೌವ್ವನದ ದಿನದಲ್ಲಿ ಹಿಂದುತ್ವ ಚಳವಳಿಯ ದೊಡ್ಡ ಶಕ್ತಿಯಾಗಿ, ನಂತರದ ದಿನಗಳಲ್ಲಿ "ಧರ್ಮ ಕಾರಣ" ದ ಟೊಳ್ಳುತನವನ್ನು ಅರಿತು ಜಾತ್ಯಾತೀತ ಸಿದ್ದಾಂತದೆಡೆ ವಾಲಿದ ಎಮ್ ಜಿ ಹೆಗ್ಡೆಯವರ ಆತ್ಮಕತೆ .... | ||
| 650 |
_aBiography: ಆತ್ಮಕಥೆ _9183938 |
||
| 700 |
_aHEGADE (M G): ಹೆಗಡೆ (ಎಂ ಜಿ) _9183939 |
||
| 942 |
_2ddc _cDB |
||
| 999 |
_c231896 _d231896 |
||